=LDR 00000nam 2200000 4500 =001 INLIS000000000044783 =005 20131008110710 =008 ***********************************Ind** =035 ##$$0010-101300000002705 =041 ##$$a Ind =082 ##$$a 813 =090 ##$$a 813, Sur p =100 ##$$a Suryakusuma, Rina =245 ##$$a Postcard From Neverland, Rina Suryakusuma; Editor, Novera Kresnawati =260 ##$$a 2010 $b Jakarta =300 ##$$a 271 Hlm., 18 Cm =650 ##$$a Fiksi Daerah =700 ##$$a Kresnawati, Novera =850 ##$$a NNT-CD =990 ##$$a 70857085 =990 ##$$a 01201807085